[Event "CZE-ch Seniors 70"]
[Site "Rychnov nad Kneznou"]
[Date "2015.08.21"]
[Round "7"]
[White "Zikmund, Jaroslav"]
[Black "Folta, Jaroslav"]
[Result "1/2-1/2"]
[WhiteElo "1830"]
[BlackElo "1768"]
[PlyCount "72"]
[EventDate "2015.08.15"]
[EventType "swiss"]
[EventRounds "9"]
[EventCountry "CZE"]
[SourceTitle "EXT 2016"]
[Source "ChessBase"]
[SourceDate "2015.10.08"]
[SourceVersion "1"]
[SourceVersionDate "2015.10.08"]
[SourceQuality "1"]

1. d4 d5 2. c4 c6 3. e3 Bf5 4. Nc3 e6 5. Bd3 Bxd3 6. Qxd3 Nf6 7. Nf3 Bd6 8. 0-0 Nbd7 9. h3 0-0 10. c5 Bc7 11. b4 a6 12. Bd2 Qe7 13. e4 dxe4 14. Nxe4 Nxe4 15. Qxe4 Rad8 16. Bg5 f6 17. Bf4 f5 18. Qe3 Bxf4 19. Qxf4 Nf6 20. a3 Ne4 21. Rad1 g5 22. Qc1 g4 23. hxg4 fxg4 24. Qe3 gxf3 25. Qxe4 fxg2 26. Qxg2+ Kh8 27. Qh2 Rd5 28. f4 Rff5 29. Rf3 Rh5 30. Rh3 Rxh3 31. Qxh3 Rxd4 32. Rxd4 Qg7+ 33. Kh1 Qxd4 34. Qxe6 Qxf4 35. Qc8+ Kg7 36. Qxb7+ Kg8 1/2-1/2

[Event "Klatovy op-B"]
[Site "Klatovy"]
[Date "2013.07.03"]
[Round "5"]
[White "Kadlec, Antonin"]
[Black "Folta, Jaroslav"]
[Result "1/2-1/2"]
[WhiteElo "1820"]
[BlackElo "1870"]
[PlyCount "37"]
[EventDate "2013.06.29"]
[EventType "swiss"]
[EventRounds "9"]
[EventCountry "CZE"]
[SourceTitle "EXT 2014"]
[Source "ChessBase"]
[SourceDate "2013.11.20"]
[SourceVersion "1"]
[SourceVersionDate "2013.11.20"]
[SourceQuality "1"]

1. Nf3 c5 2. e3 Nc6 3. d4 e6 4. c4 cxd4 5. Nxd4 Nf6 6. Be2 Bb4+ 7. Bd2 Qa5 8. Nc3 0-0 9. a3 Bxc3 10. Bxc3 Qd8 11. 0-0 d5 12. Nxc6 bxc6 13. Bf3 Ba6 14. Be2 dxc4 15. Qc2 Qb6 16. Bxf6 gxf6 17. Rab1 Rad8 18. Bxc4 Bxc4 19. Qxc4 1/2-1/2

[Event "Klatovy op-B"]
[Site "Klatovy"]
[Date "2013.06.29"]
[Round "1"]
[White "Folta, Jaroslav"]
[Black "Kubat, Zbynek"]
[Result "1-0"]
[WhiteElo "1870"]
[BlackElo "1615"]
[PlyCount "53"]
[EventDate "2013.06.29"]
[EventType "swiss"]
[EventRounds "9"]
[EventCountry "CZE"]
[SourceTitle "EXT 2014"]
[Source "ChessBase"]
[SourceDate "2013.11.20"]
[SourceVersion "1"]
[SourceVersionDate "2013.11.20"]
[SourceQuality "1"]

1. d4 d5 2. Nf3 Nf6 3. Bf4 e6 4. e3 Nc6 5. c3 a6 6. Nbd2 Bd6 7. Bxd6 Qxd6 8. Bd3 e5 9. dxe5 Nxe5 10. Nxe5 Qxe5 11. Nf3 Qd6 12. h3 Bd7 13. Qc2 h6 14. 0-0-0 0-0 15. g4 Bb5 16. c4 dxc4 17. Bh7+ Nxh7 18. Rxd6 cxd6 19. Nd4 d5 20. h4 g6 21. h5 g5 22. Nf5 Bd7 23. Nxh6+ Kg7 24. Nf5+ Bxf5 25. Qxf5 Rad8 26. f4 f6 27. Rd1 1-0

[Event "Marianske Lazne op"]
[Site "Marianske Lazne"]
[Date "2011.01.20"]
[Round "7"]
[White "Folta, Jaroslav"]
[Black "Molnar, Ladislav"]
[Result "0-1"]
[WhiteElo "1980"]
[BlackElo "1787"]
[PlyCount "62"]
[EventDate "2011.01.15"]
[EventType "swiss"]
[EventRounds "9"]
[EventCountry "CZE"]
[SourceTitle "CBM 140 Extra"]
[Source "ChessBase"]
[SourceDate "2011.03.01"]
[SourceVersion "1"]
[SourceVersionDate "2011.03.01"]
[SourceQuality "1"]

1. d4 Nf6 2. Nf3 e6 3. Bg5 d5 4. e3 c5 5. c3 Nc6 6. Bd3 c4 7. Bc2 Be7 8. Nbd2 h6 9. Bxf6 Bxf6 10. e4 b5 11. e5 Be7 12. 0-0 b4 13. Ne1 bxc3 14. bxc3 Qa5 15. Qf3 Nxd4 16. cxd4 Qxd2 17. Ba4+ Kf8 18. Bc2 Qxd4 19. Bg6 f5 20. Nc2 Qxe5 21. Ne3 Qf6 22. Bxf5 Rb8 23. Qg3 Rb2 24. Bh3 h5 25. Qc7 Kf7 26. Nxd5 exd5 27. Bxc8 Kg6 28. Bh3 Bd8 29. Qc5 Bb6 30. Qxd5 Rxf2 31. Rfb1 Rf1# 0-1

[Event "Karlovy Vary op"]
[Site "Karlovy Vary"]
[Date "2009.05.02"]
[Round "6"]
[White "Folta, Jaroslav"]
[Black "Most, Zdenek"]
[Result "0-1"]
[WhiteElo "1975"]
[BlackElo "2134"]
[PlyCount "76"]
[EventDate "2009.04.29"]
[EventType "swiss"]
[EventRounds "7"]
[EventCountry "CZE"]
[SourceTitle "CBM 130 Extra"]
[Source "ChessBase"]
[SourceDate "2009.07.02"]
[SourceVersion "2"]
[SourceVersionDate "2009.07.15"]
[SourceQuality "1"]

1. d4 c5 2. d5 Nf6 3. Nc3 d6 4. e4 g6 5. Nf3 Bg7 6. Bb5+ Nfd7 7. 0-0 a6 8. Be2 b5 9. Qd2 0-0 10. Nd1 Nf6 11. Qf4 Nh5 12. Qh4 e6 13. dxe6 fxe6 14. Bg5 Bf6 15. Ne3 h6 16. Bxf6 Qxf6 17. Rad1 Nf4 18. Rfe1 Qxh4 19. Nxh4 g5 20. Nf3 Bb7 21. Nd2 Nc6 22. c3 Ne5 23. Nf3 Bxe4 24. Nxe5 dxe5 25. f3 Bf5 26. Bf1 Rad8 27. a4 c4 28. axb5 axb5 29. g3 Nd3 30. Bxd3 Rxd3 31. Ra1 Rd2 32. Ra2 Bh3 33. Nf1 Rg2+ 34. Kh1 Rf2 35. Ne3 R8xf3 36. Kg1 Rd2 37. Nd1 Rg2+ 38. Kh1 Re2 0-1

[Event "Karlovy Vary op"]
[Site "Karlovy Vary"]
[Date "2009.04.30"]
[Round "3"]
[White "Soural, Jan"]
[Black "Folta, Jaroslav"]
[Result "1-0"]
[WhiteElo "2223"]
[BlackElo "1975"]
[PlyCount "65"]
[EventDate "2009.04.29"]
[EventType "swiss"]
[EventRounds "7"]
[EventCountry "CZE"]
[SourceTitle "CBM 130 Extra"]
[Source "ChessBase"]
[SourceDate "2009.07.02"]
[SourceVersion "2"]
[SourceVersionDate "2009.07.15"]
[SourceQuality "1"]

1. g3 d5 2. Bg2 Nf6 3. Nf3 e6 4. c4 c6 5. 0-0 Bd6 6. Qc2 Nbd7 7. d3 0-0 8. Nbd2 Re8 9. b3 Ng4 10. Bb2 Nh6 11. e4 dxe4 12. Nxe4 Bf8 13. d4 Ng4 14. Rad1 Ngf6 15. Nc3 Qa5 16. Rfe1 Qh5 17. h3 a6 18. g4 Qg6 19. Qd2 h6 20. Ne5 Nxe5 21. dxe5 Nd7 22. Ne4 a5 23. Bc3 a4 24. b4 Nb6 25. Qd4 Nd7 26. c5 Rb8 27. Nd6 Rd8 28. f4 f5 29. gxf5 exf5 30. e6 Be7 31. exd7 Rxd7 32. Nxc8 Bf6 33. Qxd7 1-0

[Event "Marianske Lazne op"]
[Site "Marianske Lazne"]
[Date "2008.01.24"]
[Round "7"]
[White "Folta, Jaroslav"]
[Black "Fox, Anthony"]
[Result "0-1"]
[WhiteElo "1992"]
[BlackElo "2100"]
[PlyCount "86"]
[EventDate "2008.01.19"]
[EventType "swiss"]
[EventRounds "9"]
[EventCountry "CZE"]
[SourceTitle "CBM 122 Extra"]
[Source "ChessBase"]
[SourceDate "2008.03.04"]
[SourceVersion "1"]
[SourceVersionDate "2008.03.04"]
[SourceQuality "1"]

1. d4 d5 2. Nf3 Nf6 3. e3 Bf5 4. c4 e6 5. Nc3 c6 6. Qb3 Qb6 7. Nh4 Qxb3 8. axb3 Bc2 9. c5 Bxb3 10. Kd2 Nbd7 11. Ra3 Bc4 12. Bxc4 dxc4 13. b4 cxb3 14. Rxb3 b6 15. cxb6 axb6 16. Nf3 Be7 17. Ke2 0-0 18. Bd2 Rfc8 19. Rhb1 h6 20. h3 Nd5 21. Ne4 Ra2 22. Kf1 Rca8 23. g4 Ra1 24. Be1 Rxb1 25. Rxb1 b5 26. Rc1 Ra6 27. Ned2 f6 28. Nb3 Kf7 29. Na5 c5 30. dxc5 Nxc5 31. Nd4 b4 32. Nac6 Nd3 33. Rb1 Nxe1 34. Nxe7 Kxe7 35. Kxe1 Kd6 36. e4 Nf4 37. Rb3 Rb6 38. Kd2 Kc5 39. Nc2 Kc4 40. Rf3 Rd6+ 41. Kc1 Ne2+ 42. Kb2 Rd2 43. Kb1 Rxc2 0-1

[Event "Tabor op"]
[Site "Tabor"]
[Date "2007.08.02"]
[Round "6"]
[White "Folta, Jaroslav"]
[Black "Blecha, Miroslav"]
[Result "0-1"]
[WhiteElo "1982"]
[BlackElo "2192"]
[PlyCount "156"]
[EventDate "2007.07.29"]
[EventType "swiss"]
[EventRounds "9"]
[EventCountry "CZE"]
[SourceTitle "EXT 2009"]
[Source "ChessBase"]
[SourceDate "2008.11.26"]
[SourceVersion "1"]
[SourceVersionDate "2008.11.26"]
[SourceQuality "1"]

1. d4 Nf6 2. c4 e6 3. Nf3 b6 4. a3 Bb7 5. Nc3 d5 6. cxd5 Nxd5 7. Bg5 Be7 8. Bxe7 Qxe7 9. e3 0-0 10. Bd3 Nd7 11. 0-0 c5 12. Rc1 Rac8 13. Bb1 N7f6 14. dxc5 Rxc5 15. Ne2 Rxc1 16. Qxc1 e5 17. Ng3 g6 18. Qc4 Nc7 19. Qh4 Bxf3 20. gxf3 Nfd5 21. Qg4 Kh8 22. Qa4 a6 23. Rd1 b5 24. Qc2 Rd8 25. Ba2 f6 26. Qc6 Rd6 27. Qc5 Qd8 28. e4 Ne6 29. Qa7 Ndc7 30. Rxd6 Qxd6 31. Qb8+ Qd8 32. Qxd8+ Nxd8 33. Ne2 Nde6 34. Kg2 Kg7 35. Kg3 g5 36. h4 h5 37. b4 Nf4 38. Nc3 Kf8 39. a4 Nd3 40. axb5 axb5 41. Nxb5 Nxb5 42. Bc4 Nxb4 43. Bxb5 Ke7 44. Bc4 Nc2 45. Bb3 Nd4 46. Bc4 Ne6 47. Bb5 Nf4 48. Bc4 Ng6 49. hxg5 fxg5 50. Ba6 Nf4 51. Bc8 Kd6 52. Kh2 h4 53. Kg1 Kc5 54. Bd7 Kd4 55. Bb5 Kc3 56. Bd7 Kd2 57. Kf1 h3 58. Kg1 Ke2 59. Bg4 Ke1 60. Bf5 Ne2+ 61. Kh2 Kxf2 62. Kxh3 Kxf3 63. Bg4+ Ke3 64. Bf5 Kf4 65. Kg2 Nc3 66. Bc8 Nxe4 67. Bb7 Nc3 68. Kf2 e4 69. Kf1 e3 70. Ba6 Kg3 71. Kg1 e2 72. Bxe2 Nxe2+ 73. Kh1 Nf4 74. Kg1 Kh3 75. Kh1 g4 76. Kg1 g3 77. Kh1 g2+ 78. Kg1 Ne2+ 0-1

[Event "Ostrava Konik op-B"]
[Site "Ostrava"]
[Date "2007.05.??"]
[Round "9"]
[White "Stania, Petr"]
[Black "Folta, Jaroslav"]
[Result "1/2-1/2"]
[WhiteElo "1715"]
[BlackElo "1945"]
[PlyCount "63"]
[EventDate "2007.05.??"]
[EventType "swiss"]
[EventRounds "9"]
[EventCountry "CZE"]
[SourceTitle "EXT 2010"]
[Source "ChessBase"]
[SourceDate "2010.11.25"]
[SourceVersion "1"]
[SourceVersionDate "2010.11.25"]
[SourceQuality "1"]

1. d4 e6 2. e3 b6 3. Nf3 Bb7 4. Bd3 f5 5. Nbd2 Nf6 6. a3 Be7 7. b4 0-0 8. Bb2 Ne4 9. c4 Bh4 10. g3 Nxd2 11. Kxd2 Bf6 12. Be2 c5 13. Rg1 Nc6 14. Ke1 cxb4 15. a4 a5 16. Ra2 d5 17. Ba1 Ba6 18. Nd2 e5 19. dxe5 Nxe5 20. Bxe5 Bxe5 21. Qb3 Rc8 22. Kf1 Kh8 23. Rc2 Bc3 24. cxd5 Bxe2+ 25. Kxe2 Qc7 26. Nb1 Qe5 27. Nxc3 Rxc3 28. Rxc3 bxc3 29. Rd1 Re8 30. Qc2 g6 31. Rd4 Qd6 32. h4 1/2-1/2

[Event "Marianske Lazne op"]
[Site "Marianske Lazne"]
[Date "2007.01.26"]
[Round "8"]
[White "Folta, Jaroslav"]
[Black "Kuebler, Marcus"]
[Result "1-0"]
[WhiteElo "1970"]
[BlackElo "2081"]
[PlyCount "78"]
[EventDate "2007.01.20"]
[EventType "swiss"]
[EventRounds "9"]
[EventCountry "CZE"]
[SourceTitle "EXT 2008"]
[Source "ChessBase"]
[SourceDate "2007.11.25"]
[SourceVersion "1"]
[SourceVersionDate "2007.11.25"]
[SourceQuality "1"]

1. d4 d6 2. Nf3 g6 3. Bg5 h6 4. Bf4 Bg7 5. e3 Nf6 6. Bc4 c6 7. c3 Nbd7 8. Qb3 0-0 9. Nbd2 Qc7 10. Bd3 Kh7 11. h4 Nd5 12. Bh2 e5 13. h5 Qd8 14. hxg6+ fxg6 15. 0-0-0 exd4 16. cxd4 N7f6 17. Nc4 Ne8 18. Rdg1 Qf6 19. Ncd2 Qe7 20. a3 Nb6 21. Bf4 d5 22. Nh4 Bf5 23. Nxf5 gxf5 24. g4 Nd6 25. g5 Ne4 26. gxh6 Bf6 27. Bxe4 fxe4 28. Qd1 Rg8 29. Qh5 Qd7 30. Be5 Bxe5 31. Qxe5 Rxg1+ 32. Rxg1 Rg8 33. Rxg8 Kxg8 34. f4 exf3 35. Nxf3 Nc4 36. Qg3+ Kh7 37. b3 Nd6 38. Ne5 Qc7 39. Qg6+ Kh8 1-0

[Event "Marianske Lazne op"]
[Site "Marianske Lazne"]
[Date "2005.01.23"]
[Round "2.14"]
[White "Snorek, Milan"]
[Black "Folta, Jaroslav"]
[Result "0-1"]
[WhiteElo "2177"]
[BlackElo "2015"]
[PlyCount "92"]
[EventDate "2005.01.22"]
[EventType "swiss"]
[EventRounds "9"]
[EventCountry "CZE"]
[SourceTitle "CBM 104 Extra"]
[Source "ChessBase"]
[SourceDate "2005.03.01"]
[SourceVersion "1"]
[SourceVersionDate "2005.03.01"]
[SourceQuality "1"]

1. d4 e6 2. c4 b6 3. Nc3 Bb7 4. e4 Bb4 5. Bd3 f5 6. Qe2 Nf6 7. Bg5 fxe4 8. Bxe4 Bxe4 9. Bxf6 Qxf6 10. Qxe4 Bxc3+ 11. bxc3 0-0 12. Nf3 Nc6 13. 0-0 Na5 14. Qe2 d6 15. Rfe1 Rae8 16. Rad1 Qf4 17. c5 Rf6 18. cxd6 cxd6 19. d5 e5 20. Nd4 Rc8 21. g3 Qh6 22. Ne6 Nc4 23. h4 Qg6 24. Kg2 h5 25. Ng5 Qf5 26. Rf1 g6 27. Ne6 b5 28. f3 Qc2 29. Qxc2 Ne3+ 30. Kf2 Nxc2 31. Ng5 Rxc3 32. Ke2 Ra3 33. Ne4 Rf8 34. Nxd6 Nd4+ 35. Kd2 Rxa2+ 36. Kc3 a5 37. f4 b4+ 38. Kd3 Ra3+ 39. Ke4 Ne2 40. Kxe5 Re3+ 41. Ne4 Re8+ 42. Kf6 R8xe4 43. f5 Nc3 44. Rd2 Re8 45. Kg5 Rxg3+ 46. Kh6 Kf7 0-1